Las mejores fábulas

Salvato in:
Dettagli Bibliografici
Autori principali: Esopo (Autore), Fedro (Autore), La Fontaine, Jean de (Autore), Iriarte, Tomás de (Autore), Samaniego, Félix María de (Autore), Tolstoi, León Graf 1828-1910 (Autore), Barros Grez, Daniel (Autore)
Natura: Libro
Lingua:spagnolo
Pubblicazione: Santiago Pehuén 1991
Edizione:4a. ed
Serie:Colección Moby Dick. Antología
Soggetti:
Tags: Aggiungi Tag
Nessun Tag, puoi essere il primo ad aggiungerne!!

MARC

LEADER 00000nam a2200000 a 4500
001 UCM8803
003 CL-VaPUC
005 20230807143757.0
008 030328e19910000CL |||||||||||||||||spa|d
999 |c 303225  |d 303223 
040 |c Pontificia Universidad Católica de Valparaíso 
082 0 4 |a 398.245  |b ESO  |2 21 
100 0 |a Esopo  |e author  |9 349715 
245 1 4 |a Las mejores fábulas 
250 |a 4a. ed 
260 |a Santiago  |b Pehuén  |c 1991 
300 |a 123 p 
490 0 |a Colección Moby Dick. Antología 
583 |a last modification  |c 20030328 00:00:00  |k Rodrigo Vera 
650 7 |a FABULAS  |2 CL-VaPUC  |9 475007 
700 0 |a Fedro  |e author  |9 475005 
700 |a La Fontaine, Jean de  |e author  |9 486338 
700 |a Iriarte, Tomás de  |e author  |9 353871 
700 0 |a Samaniego, Félix María de  |e author  |9 376864 
700 |a Tolstoi, León Graf  |d 1828-1910  |e author  |9 346194 
700 0 |a Barros Grez, Daniel  |e author  |9 313106 
852 |a BIBCUR 
942 |c BK  |2 ddc 
945 |d 20030328 00:00:00  |a cmena 
952 |0 0  |1 0  |4 0  |6 398_245000000000000_ESO_1991  |7 0  |8 A  |9 364388  |a BIBEDU  |b BIBEDU  |d 2019-11-21  |i 3877914  |o 398.245 ESO 1991  |p 3877914  |r 2019-11-21  |w 2019-11-21  |y BK  |k LIT